LEADER 01105nam0 22002891i 450 001 SUN0054753 005 20061025120000.0 010 $a88-214-0930-9 100 $a20061023d1997 |0itac50 ba 101 $aita 102 $aIT 105 $a|||| ||||| 200 1 $aMeccanica delle strutture$esistemi rigidi ad elasticità concentrata$fAngelo Luongo, Achille Paolone 210 $aMilano$cMasson$d1997 215 $aXXI, 453 p.$d24 cm. 606 $aStrutture$xStatica$2FI$3SUNC009275 620 $dMilano$3SUNL000284 676 $a624.171$v21 700 1$aLuongo$b, Angelo$3SUNV043293$09603 701 1$aPaolone$b, Achille$3SUNV043294$09604 712 $aMasson $3SUNV000050$4650 801 $aIT$bSOL$c20181109$gRICA 912 $aSUN0054753 950 $aUFFICIO DI BIBLIOTECA DEI DIPARTIMENTI DI INGEGNERIA$d05 CONS G III 164 $e05 1876 995 $aUFFICIO DI BIBLIOTECA DEI DIPARTIMENTI DI INGEGNERIA$bIT-CE0100$h1876$kCONS G III 164$oc$qa 996 $aMeccanica delle strutture$976493 997 $aUNICAMPANIA LEADER 01367nam--2200373---450- 001 990002471420203316 005 20081201144035.0 010 $a88-387-2781-3 035 $a000247142 035 $aUSA01000247142 035 $a(ALEPH)000247142USA01 035 $a000247142 100 $a20050914d2005----km-y0itay0103----ba 101 $aita 102 $aIT 105 $a||||||||001yy 200 1 $a<> gestione informatica del protocollo, dei documenti e degli archivi$eguida alla disciplina normativa e tecnica aggiornata con il D.Lgs. 7 marzo 2005 n.82 (Codice dell'amministrazione digitale)$fDimitri Brunetti$gcontributi di Antonio Ciccia ... [et al.] 210 $aSantarcangelo di Romagna$cMaggioli$dcopyr. 2005 215 $a539 p.$c24 cm 225 2 $aProgetto ente locale$v91 410 0$12001$aProgetto ente locale$v91 606 $aEnti locali$xServizi$xAutomazione 676 $a342.4506620285 700 1$aBRUNETTI,$bDimitri$0552344 702 1$aCICCIA,$bAntonio 801 0$aIT$bsalbc$gISBD 912 $a990002471420203316 951 $a342.450 BRU 1 (IRA 20 185)$b47384 G.$cIRA 20$d00182212 959 $aBK 969 $aECO 979 $aMARIASEN$b90$c20050914$lUSA01$h1644 979 $aRSIAV2$b90$c20081201$lUSA01$h1440 996 $aGestione informatica del protocollo, dei documenti e degli archivi$91059696 997 $aUNISA